00609cam a22002291 4500001001300000003000400013005001700017008004100034010001700075035002000092040001800112042001200130050002000142100004200162245004300204260001100247300002700258500001600285504003000301600003100331999001700362sa 66002991 DLC20260227112233.0890719s1965 ii c b 000 0 pano  asa 66002991  a(OCoLC)20033637 aDLCcWaUdDLC apremarc00aPK2659.B37bZ561 aArashī, Guracarana Siṅgha,d1944-00aBāwā Balawanta dī kāwi-kalā. c[1965] a192 p.bports.c19 cm. aIn Panjabi. aBibliography: p. 187-192.10aBawa, Balwant,d1915-1972. c68659d68659